000 00573nam a2200193Ia 4500
003 OSt
005 20240502152747.0
008 210210b1960 xxu||||| |||| 00| 0 eng d
040 _cAL
041 _akan
082 _a859/2185
100 _aSITARAMA SHASTRI
_9158531
_dಸೀತಾರಾಮ ಶಾಸ್ತ್ರೀ
245 _aAjeya maharashtra:
_bಅಜೇಯ ಮಹಾರಾಷ್ಟ್ರ
260 _aBengaluru
_b-
_c1960
690 _aKannada Fiction
_9158532
700 _aVIRAKESARI
_9158533
_dವೀರಕೇಸರಿ
906 _a022897
942 _2ddc
_cBK
999 _c147596
_d147596